[Event "Montevideo U1700 op"]
[Site "Montevideo"]
[Date "2022.10.01"]
[Round "1"]
[White "Olivera, Omar"]
[Black "Diaz Delograsi, Francisco"]
[Result "1-0"]
[WhiteElo "1356"]
[BlackElo "1027"]
[PlyCount "87"]
[EventDate "2022.10.01"]
[EventType "swiss"]
[EventRounds "5"]
[EventCountry "URU"]
[SourceTitle "EXT 2023"]
[Source "ChessBase"]
[SourceDate "2022.10.05"]
[SourceVersion "1"]
[SourceVersionDate "2022.10.05"]
[SourceQuality "1"]

1. d4 Nf6 2. Bf4 c5 3. e3 Nc6 4. Nf3 e6 5. c3 d5 6. Bd3 Qb6 7. Na3 c4 8. Bc2 Qxb2 9. Nxc4 dxc4 10. 0-0 Qxc3 11. Ba4 Bd7 12. Bxc6 Bxc6 13. Be5 Ng4 14. Bg3 Be7 15. h3 Nf6 16. Be5 Qa5 17. Bh2 b5 18. Ne5 Bd5 19. f3 0-0 20. e4 Bb7 21. g4 Rad8 22. g5 Ne8 23. Bf4 Qb6 24. Be3 Bxg5 25. Bxg5 f6 26. Bh4 g5 27. Nxc4 bxc4 28. Rb1 Qc6 29. Bf2 c3 30. Qc2 Nd6 31. Rb3 Nb5 32. Rfb1 Ba6 33. Rd1 Rf7 34. a4 Nc7 35. Rxc3 Qd7 36. Rc1 Na8 37. Rc6 Bb7 38. Rc5 h5 39. d5 e5 40. Kh2 Rh7 41. Qc4 Nb6 42. Qb3 Qxa4 43. Qc3 Rhd7 44. Ra1 1-0

[Event "Montevideo Contra el Bicho op"]
[Site "Montevideo"]
[Date "2020.09.04"]
[Round "3"]
[White "Moreno, Nelson"]
[Black "Olivera, Omar"]
[Result "1-0"]
[WhiteElo "1688"]
[BlackElo "1278"]
[PlyCount "28"]
[EventDate "2020.08.28"]
[EventType "swiss"]
[EventRounds "6"]
[EventCountry "URU"]
[SourceTitle "EXT 2021"]
[Source "ChessBase"]
[SourceDate "2020.10.23"]
[SourceVersion "1"]
[SourceVersionDate "2020.10.23"]
[SourceQuality "1"]

1. e4 c5 2. Nf3 Nc6 3. d4 cxd4 4. Nxd4 g6 5. Nc3 Bg7 6. Be3 Nf6 7. f3 d5 8. Qd2 0-0 9. 0-0-0 e5 10. Nxc6 bxc6 11. exd5 cxd5 12. Nxd5 Nxd5 13. Bc4 Bf5 14. Bxd5 Qc7 1-0

[Event "Montevideo Trebejos op U1700"]
[Site "Montevideo"]
[Date "2020.02.07"]
[Round "6"]
[White "Moreno, Diego"]
[Black "Olivera, Omar"]
[Result "1-0"]
[WhiteElo "1486"]
[BlackElo "1284"]
[PlyCount "84"]
[EventDate "2020.01.20"]
[EventType "swiss"]
[EventRounds "6"]
[EventCountry "URU"]
[SourceTitle "CBM 195 Extra"]
[Source "ChessBase"]
[SourceDate "2020.05.31"]
[SourceVersion "1"]
[SourceVersionDate "2020.05.31"]
[SourceQuality "1"]

1. e4 c6 2. Nf3 d5 3. e5 Bg4 4. d4 e6 5. Be2 Bb4+ 6. c3 Be7 7. 0-0 Nd7 8. Be3 Nh6 9. Bxh6 gxh6 10. Nbd2 Rg8 11. Kh1 Nf8 12. c4 Ng6 13. cxd5 Qxd5 14. h3 Bxf3 15. Nxf3 Nf4 16. Rg1 Nxe2 17. Qxe2 Kd7 18. Nh2 Rg6 19. Qf3 Qxf3 20. Nxf3 Rc8 21. b4 Rgg8 22. a3 a6 23. Rae1 Rg7 24. Re4 Rcg8 25. Ne1 Bg5 26. Nd3 Be7 27. Nc5+ Bxc5 28. bxc5 Kc7 29. g3 Rd8 30. a4 b5 31. cxb6+ Kxb6 32. Rb1+ Kc7 33. h4 Rgg8 34. Rf4 Rgf8 35. Rb3 Ra8 36. Rf6 a5 37. Rxh6 Rfd8 38. Rxh7 Rxd4 39. Rxf7+ Rd7 40. Rxd7+ Kxd7 41. Rb7+ Kd8 42. Rh7 c5 1-0

[Event "Montevideo Trebejos Primavera op"]
[Site "Montevideo"]
[Date "2019.09.20"]
[Round "4"]
[White "Pelaez, Diego"]
[Black "Olivera, Omar"]
[Result "1-0"]
[WhiteElo "1602"]
[BlackElo "1293"]
[PlyCount "71"]
[EventDate "2019.09.09"]
[EventType "swiss"]
[EventRounds "6"]
[EventCountry "URU"]
[SourceTitle "CBM 195 Extra"]
[Source "ChessBase"]
[SourceDate "2020.05.31"]
[SourceVersion "1"]
[SourceVersionDate "2020.05.31"]
[SourceQuality "1"]

1. d4 d5 2. c4 c6 3. cxd5 cxd5 4. Bf4 Nf6 5. Nc3 a6 6. Nf3 Bg4 7. e3 e6 8. Be2 Bxf3 9. Bxf3 Bd6 10. Bg5 Be7 11. 0-0 h6 12. Bh4 Nh7 13. Bg3 Bd6 14. Ne2 Bxg3 15. Nxg3 0-0 16. Rc1 Nc6 17. Rc3 Rc8 18. Qb1 Qe7 19. Be2 Na7 20. Rfc1 Rxc3 21. Rxc3 Rc8 22. Rxc8+ Nxc8 23. Qc2 Nd6 24. Bd3 Nf8 25. Ne2 Qd8 26. Qc5 Ne8 27. Qb4 Qc7 28. Nc3 Nf6 29. f3 Ne8 30. e4 Nf6 31. e5 Ne8 32. Kf2 Qd7 33. Na4 Qc7 34. Nc5 Qe7 35. g3 Nd7 36. Qxb7 1-0

[Event "Montevideo Autumn op 2nd"]
[Site "Montevideo"]
[Date "2019.05.15"]
[Round "6"]
[White "Ferrari, Carlos"]
[Black "Olivera, Omar"]
[Result "1-0"]
[WhiteElo "1685"]
[BlackElo "1241"]
[PlyCount "59"]
[EventDate "2019.05.03"]
[EventType "swiss"]
[EventRounds "7"]
[EventCountry "URU"]
[SourceTitle "CBM 190 Extra"]
[Source "ChessBase"]
[SourceDate "2019.07.15"]
[SourceVersion "1"]
[SourceVersionDate "2019.07.15"]
[SourceQuality "1"]

1. f4 d5 2. Nf3 Nc6 3. d4 Nf6 4. g3 Bf5 5. Bg2 Qd7 6. 0-0 Bh3 7. Nc3 Bxg2 8. Kxg2 h5 9. h4 0-0-0 10. a3 Qf5 11. Ng5 Ng4 12. Qd2 Nh6 13. Nd1 f6 14. Ne3 Qd7 15. Nf3 e6 16. b4 a6 17. c3 Be7 18. a4 Nb8 19. Qb2 g5 20. fxg5 fxg5 21. hxg5 Ng4 22. b5 Rhg8 23. bxa6 Nxa6 24. Rb1 c6 25. Nxg4 hxg4 26. Ne5 Qc7 27. Rf7 Rdf8 28. Bf4 Rxf7 29. Nxf7 Bd6 30. Nxd6+ 1-0

[Event "Montevideo Cao Memorial"]
[Site "Montevideo"]
[Date "2018.11.19"]
[Round "6"]
[White "Soto, Nicolas"]
[Black "Olivera, Omar"]
[Result "1-0"]
[WhiteElo "1957"]
[BlackElo "1143"]
[PlyCount "95"]
[EventDate "2018.11.07"]
[EventType "swiss"]
[EventRounds "7"]
[EventCountry "URU"]
[SourceTitle "CBM 187 Extra"]
[Source "ChessBase"]
[SourceDate "2018.11.04"]
[SourceVersion "1"]
[SourceVersionDate "2018.11.04"]
[SourceQuality "1"]

1. e4 c5 2. Nf3 e6 3. d4 cxd4 4. Nxd4 a6 5. c4 Qc7 6. Nc3 Nf6 7. Be3 Bb4 8. Bd3 Nc6 9. Nxc6 dxc6 10. 0-0 e5 11. Na4 Qe7 12. a3 Bd6 13. c5 Bc7 14. f3 0-0 15. Qc2 Bd7 16. Rfd1 a5 17. Rd2 Rfd8 18. Rad1 Be6 19. Bc4 Rxd2 20. Rxd2 Bxc4 21. Qxc4 Rd8 22. Rxd8+ Qxd8 23. Qb3 Qc8 24. Nb6 Qd8 25. Nc4 Qc8 26. Qc3 Qd8 27. Nxe5 Bxe5 28. Qxe5 Qd7 29. Qd4 Qxd4 30. Bxd4 Nd7 31. Kf2 f6 32. Ke3 Kf7 33. Kd3 h5 34. f4 g6 35. h4 Ke7 36. Kc3 Kd8 37. Kb3 Kc7 38. Ka4 b5+ 39. cxb6+ Kb7 40. Kxa5 c5 41. Bc3 Nxb6 42. Kb5 Nd7 43. a4 Kc7 44. a5 Kb7 45. a6+ Ka7 46. Ba5 Ka8 47. Bc7 Ka7 48. Bd6 1-0